Bureaucatic personality and organisation structure (Record no. 925454)

MARC details
000 -LEADER
fixed length control field 00617nam a2200205Ia 4500
003 - CONTROL NUMBER IDENTIFIER
control field OSt
005 - DATE AND TIME OF LATEST TRANSACTION
control field 20251016151243.0
008 - FIXED-LENGTH DATA ELEMENTS--GENERAL INFORMATION
fixed length control field 220930b |||||||| |||| 00| 0 eng d
037 ## - SOURCE OF ACQUISITION
Terms of availability REF
040 ## - CATALOGING SOURCE
Original cataloging agency CRL
Transcribing agency CRL
Language of cataloging eng
041 ## - LANGUAGE CODE
Source of code eng
Language code of text/sound track or separate title eng
084 ## - COLON CLASSIFICATION NUMBER
Classification number SN1:(X:8) M4
Assigning agency AL
100 ## - MAIN ENTRY--PERSONAL NAME
Personal name Allinson Christopher W.
9 (RLIN) 281493
245 #0 - TITLE STATEMENT
Title Bureaucatic personality and organisation structure
260 ## - PUBLICATION, DISTRIBUTION, ETC.
Place of publication, distribution, etc. England:
Name of publisher, distributor, etc. Gower UK,
Date of publication, distribution, etc. 1984.
300 ## - PHYSICAL DESCRIPTION
Extent 159p.
Dimensions cm.
650 ## - SUBJECT ADDED ENTRY--TOPICAL TERM
Topical term or geographic name entry element MANAGEMENT
9 (RLIN) 848611
942 ## - ADDED ENTRY ELEMENTS (KOHA)
Classification part SN1:(X:8) M4(RR)
Koha item type Reference
Source of classification or shelving scheme Colon Classification (CC)
Suppress in OPAC No
Holdings
Withdrawn status Lost status Source of classification or shelving scheme Damaged status Not for loan Home library Current library Date acquired Total Checkouts Full call number Barcode Date last seen Price effective from Koha item type
    Colon Classification (CC)     Central Library Central Library 2022-10-02   SN1:(X:8) M4(RR) CL0885581 2022-10-02 2022-10-02 Reference
Copyright @ Delhi University Library System